000 01122nam a2200265 a 4500
001 74109
003 BD-RjUL
005 20211209082509.0
008 180227s2016 bg abfd| b||| 00| 0 ben d
020 _a9789848965528
_cTk. 450.00
035 _a(BD-RjUL)74327
040 _aBD-RjUL
_beng
_cBD-RjUL
041 _aben
082 _223
_a909
_bCHP 2016
100 1 _aচট্টোপাধ্যয়, দেবীপ্রসাদ
_9144366
245 1 0 _aপৃথিবীর ইতিহাস /
_cদেবীপ্রসাদ চট্টোপাধ্যয়,
260 _aঢাকা :
_bহাওলাদার প্রকাশনী ,
_c২০১৬
300 _a৩৬০ পৃ. :
_bছবি ;
_c২২ সেমি.
504 _aগ্রন্থপঞ্জি সম্বলিত
650 _aবিশ্ব ইতিহাস
_vপাঠ্যবইগুলি
_9220300
650 _aWorld history
_vTextbooks.
_9220301
650 _aইতিহাস
_v অধ্যয়ন এবং শিক্ষণ
_9220302
650 _a History
_vStudy and teaching
_9220303
942 _2ddc
_cBK
999 _c74109
_d74109